| 000 | 00710nam a22002537a 4500 | ||
|---|---|---|---|
| 001 | 25502 | ||
| 005 | 20260428172008.0 | ||
| 008 | 260427b |||||||| |||| 00| 0 spa d | ||
| 020 | _a9788467017168 | ||
| 041 | _aESP | ||
| 082 |
_a340.3 _bF96 |
||
| 100 | _a, | ||
| 110 | _aFundación Tomás Moro | ||
| 245 | _aDiccionario jurídico espasa | ||
| 260 |
_aMadrid : _bEspasa Calpe, _c2007 |
||
| 300 |
_a1449 páginas : _b ; _c25 cm. _eIncluye CD |
||
| 440 | _a ; | ||
| 650 | _aCIS | ||
| 653 | _aDiccionario - Derecho | ||
| 654 | _aCDE | ||
| 700 |
_aGallardo, Alegría _eEDT |
||
| 856 |
_uhttps://itmsp.museknowledge.com/UCSP?groupID=2 _zVéase además: Biblioteca Digital |
||
| 942 |
_cDIC _dJUS _fMIP _n0 _2ddc |
||
| 999 |
_c25502 _d25502 |
||